Centro de exposiciones agropecuarias en Culiacán, Sinaloa /

Furkejuvvon:
Bibliográfalaš dieđut
Váldodahkki: Hallal Quiñones, Carlos Farek (autor)
Eará dahkkit: Medina García, Esther (autor) (autor), Orozco Martín, Daniela Paola (autor) (autor)
Materiálatiipa: Oahppočájánas Girji
Giella:espánnjágiella
Fáttát:
Fáddágilkorat: Lasit fáddágilkoriid
Eai fáddágilkorat, Lasit vuosttaš fáddágilkora!

MARC

LEADER 00000nam^a2200000^a^4500
001 000192119
005 20250521000000.0
009 20260310102550.903
037 |a Acervo ITESO - Biblioteca 
041 |a ESP 
090 |a ARQ. 785 
100 |a Hallal Quiñones, Carlos Farek  |e (autor) 
245 1 0 |a Centro de exposiciones agropecuarias en Culiacán, Sinaloa /  |c F.H. Hallal Quiñones, E. Medina García, D.P. Orozco Martín. 
264 |a Guadalajara, México :  |b edición de autor,  |c 2006 
300 |a 1 disco compacto de computadora 
336 |a datos para computadora  |b cod  |2 rdacontenido 
337 |a computadora  |b c  |2 rdamedio 
338 |a disco de computadora  |b cd  |2 rdasoporte 
502 |a ITESO Tesis de Licenciatura en Arquitectura 
649 |a XX 
650 |a Industria Agropecuaria -  |z Culiacán, Sinaloa -  |x Exposiciones 
650 |a Ferias Comerciales -  |z Culiacán, Sinaloa 
650 |a Centros de Convenciones y Exposiciones -  |z Culiacán, Sinaloa -  |x Tema Principal 
650 |a Edificios Públicos -  |z Culiacán, Sinaloa 
650 |a Proyecto Arquitectónico 
650 |a Diseño Arquitectónico 
650 |a Arquitectura 
700 |a Medina García, Esther  |e (autor) 
700 |a Orozco Martín, Daniela Paola  |e (autor) 
910 |a Fondo General 
920 |a Electrónicos - Tesis del ITESO en Disco 
905 |a 202 
901 |a 0500136307  |b IT2  |c STS  |u 20250521 
902 |a https://opac.biblio.iteso.mx/vufind/Record/000192119